000 00520nam a22001937a 4500
999 _c442639
_d442639
003 UA-OsUOA
005 20191029115246.0
008 191029b un ||||| |||| 00| 0 ukr d
040 _aUA-OsUOA
_bukr
_cUA-OsUOA
_dUA-OsUOA
041 _aukr
080 _a821.161.3
090 _a821.161.3
_bБ87
100 _aБрыль Я
245 _aПтицы и гнезда
_cЯнка Брыль
260 _aМосква
_bСоветский писатель
_c1975
300 _a340 с.
942 _2udc
_cBK
955 _a3